| 000 | 02391nab a2200217 i 4500 | ||
|---|---|---|---|
| 003 | BR-BrBNA | ||
| 005 | 20250224164943.0 | ||
| 008 | 250224b2014 bl.qr|pooa||| 00| 0 por | | ||
| 040 |
_aBR-BrBNA _bpor |
||
| 072 | _aH20 | ||
| 100 | _aBenatti, Michel Navarro | ||
| 245 | _aPequenas espécies de Parmeliaceae (Ascomycota) eciliadas no Parque Estadual da Cantareira, estado de São Paulo, Brasil: gêneros Canoparmelia e Crespoa | ||
| 500 | _aPublicação on-line; Bibliography p. 596-597 (58 ref.); 1 illus.; Summaries (En, Pt) | ||
| 520 | _a Resumo O levantamento das espécies pertencentes aos gêneros Canoparmelia e Crespoa no Parque Estadual da Cantareira e arredores revelou a ocorrência, respectivamente, de quatro e três espécies. As espécies são reconhecidas pelos talos foliosos com lobos arredondados ou ± truncados estreitos em geral ≤ 0,5 cm larg., diferindo pela morfologia e anatomia dos córtices superiores e dos metabólitos secundários, sendo que nenhuma espécie dos dois gêneros tende a formar cílios marginais. Constituintes químicos medulares são diversos. São apresentados uma chave de identificação, descrições, comentários e ilustrações para as espécies citadas. Palavras-chave: Serra da Cantareira, margens eciliadas, fungos liquenizados. Abstract The survey of the speciesbelongingto the genera Canoparmelia and Crespoain the Parque Estadual da Cantareira and adjacencies revealed the respective occurrence of four and three species. The species are recognized by foliose thalli with narrow rounded or ±truncate lobes generally ≤ 0.5 cm wide, differing by the upper cortex morphology and anatomy as well as by the secondary metabolites, all species of the genus having eciliate margins. Medullary chemical constituentsare diverse. A key for identification, descriptions, comments and illustrations are provided for the cited species. Key words: Cantareira Mountain Range, eciliate margins, lichenized fungi. | ||
| 650 | _aSERRA DA CANTAREIRA | ||
| 650 | _aFUNGO | ||
| 773 | 0 |
_0709 _9348749 _dRio de Janeiro-RJ Jardim Botanico do Rio de Janeiro 1935 _o2025-1242 _tRodriguésia (Brazil) _x0370-6583; 2175-7860 on-line _gv. 65(3) p. 587-597; (2014) _wBR2024004916 |
|
| 856 | _uhttps://www.scielo.br/j/rod/a/pCXxpRNHvqxcLV5d9RsvgSd/?format=pdf&lang=pt | ||
| 942 | _cANA | ||
| 999 |
_c330124 _d330124 |
||